Normal view
MARC view
- MANO, M. MORRIS
Entry Personal Name
001 - CONTROL NUMBER
- control field: 84008
003 - CONTROL NUMBER IDENTIFIER
- control field: NUST
005 - DATE AND TIME OF LATEST TRANSACTION
- control field: 20211112135215.0
008 - FIXED-LENGTH DATA ELEMENTS
- fixed length control field: 211112|| aca||aabn | a|a d
040 ## - CATALOGING SOURCE
- Original cataloging agency: NUST
- Transcribing agency: NUST
100 ## - HEADING--PERSONAL NAME
- Personal name: MANO, M. MORRIS
670 ## - SOURCE DATA FOUND
- Source citation: Work cat.: (NUST)567215: MANO, M. MORRIS, DIGITAL LOGIC AND COMPUTER DESIGN, 2005.
